[Event "US Open-118"]
[Site "Norfolk"]
[Date "2017.07.30"]
[Round "2"]
[White "Hollinberger, Drew D"]
[Black "Zherebukh, Yaroslav"]
[Result "0-1"]
[WhiteElo "1985"]
[BlackElo "2632"]
[PlyCount "50"]
[EventDate "2017.07.29"]
[EventType "swiss"]
[EventRounds "9"]
[EventCountry "USA"]
[SourceTitle "CBM 179 Extra"]
[Source "ChessBase"]
[SourceDate "2017.08.23"]
[SourceVersion "1"]
[SourceVersionDate "2017.08.23"]
[SourceQuality "1"]

1. Nf3 Nf6 2. d4 c5 3. e3 g6 4. d5 Bg7 5. Nc3 0-0 6. Bc4 d6 7. 0-0 Na6 8. e4 Nc7 9. Qd3 Bg4 10. a4 Nd7 11. Re1 Nb6 12. Nd2 Rb8 13. Nb5 Nxc4 14. Nxc4 Bd7 15. Ne3 a6 16. Nxc7 Qxc7 17. a5 Bb5 18. Nc4 f5 19. Ra2 Bd4 20. e5 dxe5 21. Qb3 e4 22. g3 Qd8 23. Bf4 Qxd5 24. Nd2 c4 25. Qb4 e5 0-1

[Event "Dos Hermanas Internet qual-E 10th"]
[Site "ICC INT"]
[Date "2009.03.15"]
[Round "6"]
[White "Gonshorovitz, Itay"]
[Black "Hollinberger, Drew D"]
[Result "1-0"]
[WhiteElo "2071"]
[BlackElo "1899"]
[PlyCount "139"]
[EventDate "2009.03.15"]
[EventType "swiss (blitz)"]
[EventRounds "12"]
[EventCountry "ESP"]
[SourceTitle "CBM 129 Extra"]
[Source "ChessBase"]
[SourceDate "2009.05.05"]
[SourceVersion "2"]
[SourceVersionDate "2009.05.20"]
[SourceQuality "1"]

1. e4 e5 2. Bc4 Nc6 3. d3 Nf6 4. Nf3 Bc5 5. c3 d6 6. 0-0 a6 7. Bb3 Ba7 8. Nbd2 0-0 9. Re1 Ng4 10. Rf1 Kh8 11. h3 Nf6 12. Re1 h6 13. Nf1 Nh7 14. d4 exd4 15. cxd4 f5 16. e5 dxe5 17. Nxe5 Nxe5 18. dxe5 Qxd1 19. Rxd1 b5 20. Be3 c5 21. Bd5 Rb8 22. Bf4 g5 23. Bd2 Bb7 24. Bc3 b4 25. Be1 Bxd5 26. Rxd5 Rfd8 27. Rad1 Rxd5 28. Rxd5 Nf8 29. Ne3 f4 30. Nc4 Re8 31. g3 fxg3 32. fxg3 Re7 33. Bf2 Ne6 34. Rd6 Kg7 35. Rxa6 Kg6 36. Kg2 Kf5 37. g4+ Ke4 38. Bg3 Kd4 39. Nd6 Nf4+ 40. Bxf4 gxf4 41. Nf5+ Kxe5 42. Nxe7 Bb8 43. Nc6+ Kd5 44. Nxb8 c4 45. Kf3 Kd4 46. Rc6 c3 47. bxc3+ bxc3 48. Kxf4 Kd3 49. Kf5 c2 50. Kg6 Kd2 51. Rxc2+ Kxc2 52. Kxh6 Kb2 53. g5 Kxa2 54. g6 Kb3 55. g7 Kb4 56. g8Q Kb5 57. Qg6 Kc5 58. Kg7 Kd4 59. h4 Kc3 60. h5 Kd4 61. h6 Ke3 62. h7 Kd4 63. h8Q Kc3 64. Qh3+ Kc4 65. Qh4+ Kd5 66. Qhh5+ Kd4 67. Qgg4+ Kd3 68. Qhh3+ Kd2 69. Qgg2+ Ke1 70. Qhh1# 1-0

[Event "Dos Hermanas Internet qual-E 10th"]
[Site "ICC INT"]
[Date "2009.03.15"]
[Round "2"]
[White "Hollinberger, Drew D"]
[Black "Urbina Perez, Juan Antonio"]
[Result "1-0"]
[WhiteElo "1899"]
[BlackElo "2215"]
[PlyCount "135"]
[EventDate "2009.03.15"]
[EventType "swiss (blitz)"]
[EventRounds "12"]
[EventCountry "ESP"]
[SourceTitle "CBM 129 Extra"]
[Source "ChessBase"]
[SourceDate "2009.05.05"]
[SourceVersion "2"]
[SourceVersionDate "2009.05.20"]
[SourceQuality "1"]

1. e4 e5 2. Nf3 Nc6 3. Bb5 a6 4. Ba4 Nf6 5. 0-0 b5 6. Bb3 Bc5 7. Nxe5 Nxe5 8. d4 Bxd4 9. Qxd4 Nc6 10. Qe3 Qe7 11. c4 0-0 12. cxb5 axb5 13. Nc3 Ba6 14. Re1 Rfe8 15. Nd5 Nxd5 16. Bxd5 Rab8 17. b3 Nb4 18. Qd2 Nxd5 19. Qxd5 Bb7 20. Qd4 Qe5 21. Qxe5 Rxe5 22. Bf4 Rc5 23. f3 d6 24. Be3 Rc2 25. Bf2 Kf8 26. Rec1 Rxc1+ 27. Rxc1 c6 28. Bg3 Ke7 29. Kf2 Ra8 30. Rc2 f6 31. Ke3 Ke6 32. f4 g6 33. h4 c5 34. Bf2 h5 35. g3 Rc8 36. Be1 f5 37. exf5+ Kxf5 38. Kf2 d5 39. Bc3 d4 40. Bd2 c4 41. bxc4 bxc4 42. Bb4 d3 43. Rc1 Bd5 44. Bc3 Ra8 45. Ra1 Re8 46. Re1 Rxe1 47. Bxe1 Ke4 48. Bc3 Be6 49. a4 Kd5 50. a5 Kc5 51. Ke3 Kb5 52. Kd2 Bd5 53. Ke3 Be6 54. Kd2 Bf5 55. Ke3 Ka6 56. Kd2 Bd7 57. Ke3 Kb5 58. Kd2 Bc6 59. Ke3 Ka4 60. Kd2 Kb3 61. Bd4 Ka4 62. Be5 Kxa5 63. Bc3+ Kb5 64. Be5 Kc5 65. Bc3 Kd5 66. Be5 Ke4 67. Bd6 Kf3 68. f5 1-0